Interfax : Russia & CIS presidential bulletin

Saved in:
書目詳細資料
格式: 電子 序列
語言:英语
出版: Aurora, Colo. : Interfax-America, Inc.
主題:
在線閱讀:Full text available from European Newsstream: 12/26/2008 to present
標簽: 添加標簽
沒有標簽, 成為第一個標記此記錄!

MARC

LEADER 00000das a2200000 a 4500
001 ssj0000465079
003 WaSeSS
005 20220817042149.0
006 m d
007 cr n
008 110207cuuuu9999cou|| |s||||||||||0eng|d
035 |a (WaSeSS)ssj0000465079 
040 |a WaSeSS  |c WaSeSS  |d WaSeSS 
043 |a e-ur--- 
050 4 |a AP4 
245 0 0 |a Interfax : Russia & CIS presidential bulletin  |h [electronic resource]. 
246 1 |a Russia & CIS presidential bulletin 
260 |a Aurora, Colo. :  |b Interfax-America, Inc. 
310 |a Daily 
506 |a License restrictions may limit access. 
588 |a Description based on: Dec. 26, 2008; title from table of contents page (ProQuest, viewed Feb. 7, 2011). 
588 |a Latest issue consulted: Feb. 4, 2011 (viewed Feb. 7, 2011). 
610 2 0 |a Commonwealth of Independent States  |x History  |v Newspapers. 
651 0 |a Russia  |x History  |v Newspapers. 
655 0 |a Electronic journals. 
856 4 0 |z Full text available from European Newsstream: 12/26/2008 to present  |u https://wwwproquest.unach.elogim.com/intermediateredirectforezproxy